| 000 | 00743cam a2200241 a 4500 | ||
|---|---|---|---|
| 001 | 12577936 | ||
| 005 | 20180227070219.0 | ||
| 008 | 011101s2003 caua b 001 0 eng | ||
| 010 | _a 2001055911 | ||
| 020 | _a0155063332 (pbk.) | ||
| 040 |
_aDLC _cDLC _dDLC |
||
| 041 | _aeng | ||
| 043 |
_af-bs--- _afs----- |
||
| 080 | _a306.089.961 lee | ||
| 082 | 0 | 0 |
_a306.089.961 lee _221 |
| 100 | 1 | _a23 | |
| 101 | _aant | ||
| 245 | 1 | 4 |
_aThe Dobe Ju/'hoansi / _cRichard B. Lee. |
| 504 | _aIncludes bibliographical references (p. 235-242) and index. | ||
| 906 |
_a7 _bcbc _corignew _d1 _eocip _f20 _gy-gencatlg |
||
| 942 |
_2ddc _cBK |
||
| 999 |
_c43594 _d43594 |
||